Monjas y conventos: la experiencia del claustro

Saved in:
Bibliographic Details
Main Author: Aguirre, Margarita (Author)
Format: Book
Language:Spanish
Published: Santiago SERNAM 1994
Series:Colección Mujeres en la Cultura Chilena
Subjects:
Tags: Add Tag
No Tags, Be the first to tag this record!

MARC

LEADER 00000nam a2200000 a 4500
001 UCZ7247
003 CL-VaPUC
008 951228e19940000CL |||||||||||||||||spa|d
082 0 4 |a 983  |b AGU  |2 21 
100 0 |a Aguirre, Margarita  |e author  |9 352021 
245 1 0 |a Monjas y conventos: la experiencia del claustro 
300 |a 44 p 
942 |c BK 
945 |d 19951228 00:00:00  |a rleighto 
260 |a Santiago  |b SERNAM  |c 1994 
650 7 |a MONJAS  |2 CL-VaPUC  |9 337468 
650 0 |a Epoca colonial   |9 352022 
650 0 |a Conventos  |9 328972 
650 0 |a Órdenes religiosas  |9 257499 
650 7 |a CLAUSTROS  |2 CL-VaPUC  |9 266987 
650 0 |a Historia  |9 255047 
651 7 |a CHILE  |2 CL-VaPUC  |9 352023 
583 |a last modification  |c 19951228 00:00:00  |k Rodrigo Vera 
490 0 |a Colección Mujeres en la Cultura Chilena 
999 |c 243350  |d 243348 
952 |0 0  |1 0  |4 0  |6 983_000000000000000_AGU_1994  |7 0  |8 A  |9 256945  |a BIBEDU  |b BIBEDU  |d 2019-11-19  |i 3164357  |o 983 AGU 1994  |p 3164357  |r 2019-11-19  |w 2019-11-19  |y BK  |k LIT